000 00586nam a2200217 a 4500
001 BRCA_6476
005 20190320205454.0
008 240911s1944----nyua######---#000-0#eng-#
041 _aeng
044 _anyu
050 4 _aNK7162
_b.J64 1944
100 1 _aJohnson, Ada Marshall
_916163
245 1 0 _aHispanic silverwork
_cAda Marshall Johnson
260 _aNueva York
_bOrder of the Trustees
_c1944
300 _axx, 308 p.
_bil.
_c23 cm.
500 _aM74
650 1 4 _aPlatería
_zEspaña
_916164
710 2 _aHispanic Society of America
_916165
902 _aGFM
942 _2lcc
_cB
999 _c6160
_d6160